000 00840nam a2200229Ia 4500
001 L570-26230
003 IT-CnALBA
008 170116s9999||||xx |||||||||||||| ||und||
040 _aIT-CnALBA
_cIT-CnALBA
041 _aITALIANO
100 _aPASCUTTO LUIGI
245 0 _aIL CREATO E L'ECOLOGIA.
250 _a1a ed.
260 _aS.C.
_bS.e.
_c1992 [1° Ed.:1992 - Ed.Ling.Originale: 1992]
300 _a167 p. (prefazione: 5)
500 _aS. FRANCESCO E L'ECOLOGIA. LE STAGIONI. GLI ALBERI. LA MONTAGNA. L'ACQUA. INQUINAMENTO.
501 _aSocietà San Paolo EM - Piazza San Paolo, 14 - 12051 ALBA (CN) (non commercial uses only) ® Copyright 2017
520 _aS. FRANCESCO E L'ECOLOGIA. LE STAGIONI. GLI ALBERI. LA MONTAGNA. L'ACQUA. INQUINAMENTO.
650 _aSCIENZE DELLA VITA
942 _cBK
957 _71
999 _a31017
_bNO
_g Copie: 1
_c285338
_d285338